Horúci asfalt - Rio ; Výstrel bez ozveny ; Vražda bola chybou réžie (Record no. 20718)
[ view plain ]
| 000 -LEADER | |
|---|---|
| fixed length control field | 02019cam a2200505 a 4500 |
| 001 - CONTROL NUMBER | |
| control field | 20718 |
| 003 - CONTROL NUMBER IDENTIFIER | |
| control field | VRT |
| 005 - DATE AND TIME OF LATEST TRANSACTION | |
| control field | 20260130141106.0 |
| 008 - FIXED-LENGTH DATA ELEMENTS--GENERAL INFORMATION | |
| fixed length control field | 250312s1970 xo e 0000f slo |
| 015 ## - NATIONAL BIBLIOGRAPHY NUMBER | |
| National bibliography number | SNBA1970/11-02703 |
| 035 ## - SYSTEM CONTROL NUMBER | |
| System control number | SNK000094488 |
| 035 ## - SYSTEM CONTROL NUMBER | |
| System control number | urn:nbn:sk:snk-amtigg |
| 035 ## - SYSTEM CONTROL NUMBER | |
| System control number | urn:nbn:sk:snk-am00c4lf |
| 035 ## - SYSTEM CONTROL NUMBER | |
| System control number | D036B894-22A1-451D-826F-49C686384AF4 |
| 039 #9 - LEVEL OF BIBLIOGRAPHIC CONTROL AND CODING DETAIL [OBSOLETE] | |
| Level of rules in bibliographic description | 202503121319 |
| Level of effort used to assign nonsubject heading access points | VLOAD |
| Level of effort used to assign subject headings | 202205120753 |
| Level of effort used to assign classification | VLOAD |
| Level of effort used to assign subject headings | 202201262248 |
| Level of effort used to assign classification | csnk01 |
| Level of effort used to assign subject headings | 202201262245 |
| Level of effort used to assign classification | csnk01 |
| 040 ## - CATALOGING SOURCE | |
| Original cataloging agency | SNK |
| Language of cataloging | slo |
| Transcribing agency | SNK |
| Description conventions | AACR2 |
| 041 1# - LANGUAGE CODE | |
| Language code of text/sound track or separate title | slo |
| Language code of original | ger |
| 044 ## - COUNTRY OF PUBLISHING/PRODUCING ENTITY CODE | |
| MARC country code | xo |
| ISO country code | SK |
| 080 ## - UNIVERSAL DECIMAL CLASSIFICATION NUMBER | |
| Universal Decimal Classification number | 830-3 Arnau, Frank(08)=854 |
| Edition identifier | 1981 |
| 100 1# - MAIN ENTRY--PERSONAL NAME | |
| Personal name | Arnau, Frank, |
| Dates associated with a name | 1894-1976 |
| Relationship | aut |
| 245 10 - TITLE STATEMENT | |
| Title | Horúci asfalt - Rio ; Výstrel bez ozveny ; Vražda bola chybou réžie |
| Statement of responsibility, etc. | Frank Arnau ; [z nemeckých ooriginálov preložili Ivan Krčméry, Ľudmila Rampáková, Eva Rosenbaumová] |
| 250 ## - EDITION STATEMENT | |
| Edition statement | 1. vyd. |
| 260 ## - PUBLICATION, DISTRIBUTION, ETC. | |
| Place of publication, distribution, etc. | Bratislava |
| Name of publisher, distributor, etc. | Slovenský spisovateľ |
| Date of publication, distribution, etc. | 1970 |
| Place of manufacture | Košice |
| Manufacturer | Východoslov. tlač. |
| 300 ## - PHYSICAL DESCRIPTION | |
| Extent | 600, [3] s. |
| Dimensions | 8° |
| 490 1# - SERIES STATEMENT | |
| Series statement | Zelená knižnica |
| 655 #7 - INDEX TERM--GENRE/FORM | |
| Genre/form data or focus term | nemecké romány |
| Source of term | SNKPH |
| 655 #7 - INDEX TERM--GENRE/FORM | |
| Genre/form data or focus term | detektívne romány |
| Source of term | SNKPH |
| 700 1# - ADDED ENTRY--PERSONAL NAME | |
| Personal name | Krčméry, Ivan, |
| Dates associated with a name | 1921-1997 |
| Relationship | trl |
| 700 1# - ADDED ENTRY--PERSONAL NAME | |
| Personal name | Rampáková, Ľudmila, |
| Dates associated with a name | 1922-2003 |
| Relationship | trl |
| 700 1# - ADDED ENTRY--PERSONAL NAME | |
| Personal name | Rosenbaumová, Eva, |
| Dates associated with a name | 1931-1999 |
| Relationship | trl |
| 700 12 - ADDED ENTRY--PERSONAL NAME | |
| Personal name | Arnau, Frank, |
| Dates associated with a name | 1894-1976 |
| Title of a work | Heisses Pflaster Rio |
| Language of a work | Slovensky |
| Relationship | aut |
| 700 12 - ADDED ENTRY--PERSONAL NAME | |
| Personal name | Arnau, Frank, |
| Dates associated with a name | 1894-1976 |
| Title of a work | Schuss ohne Echo |
| Language of a work | Slovensky |
| Relationship | aut |
| 700 12 - ADDED ENTRY--PERSONAL NAME | |
| Personal name | Arnau, Frank, |
| Dates associated with a name | 1894-1976 |
| Title of a work | Der Mord war ein Regiefehler |
| Language of a work | Slovensky |
| Relationship | aut |
| 740 02 - ADDED ENTRY--UNCONTROLLED RELATED/ANALYTICAL TITLE | |
| Uncontrolled related/analytical title | Výstrel bez ozveny |
| 740 02 - ADDED ENTRY--UNCONTROLLED RELATED/ANALYTICAL TITLE | |
| Uncontrolled related/analytical title | Vražda bola chybou réžie |
| 787 08 - OTHER RELATIONSHIP ENTRY | |
| Relationship information | Zo série: |
| Title | Brewer, Lamont, Reyder |
| Related parts | 3 |
| 830 #0 - SERIES ADDED ENTRY--UNIFORM TITLE | |
| Uniform title | Zelená knižnica |
| 942 ## - ADDED ENTRY ELEMENTS (KOHA) | |
| Source of classification or shelving scheme | Dewey Decimal Classification |
| Koha item type | Krásna literatúra pre dospelých |
| Suppress in OPAC | No |
| 949 ## - LOCAL PROCESSING INFORMATION (OCLC) | |
| 6 | 2889745944 |
| a | savukS 52882 |
| 949 ## - LOCAL PROCESSING INFORMATION (OCLC) | |
| 6 | 273K0358911 |
| a | svkpoA 77290/III |
| b | svkpo178355 |
| 949 ## - LOCAL PROCESSING INFORMATION (OCLC) | |
| 6 | 17A0895757 |
| a | snkSD 38119 |
| s | 6100:20161107 |
| 949 ## - LOCAL PROCESSING INFORMATION (OCLC) | |
| 6 | 17A0370058 |
| 9 | P60, <04>, [BOOK], {604} |
| a | snkSD 38119 D1 |
| Stav vyradenia | Strata | Poškodenie | Spôsob nadobudnutia | Domovská knižnica | Aktuálna knižnica | Dátum nadobudnutia | Total checkouts | Čiarový kód exemplára | Date last seen | Typ exemplára |
|---|---|---|---|---|---|---|---|---|---|---|
| Dar | Obecná knižnica Horná Štubňa | Obecná knižnica Horná Štubňa | 30.01.2026 | 4736200858 | 30.01.2026 | Krásna literatúra pre dospelých |
